000 004540000a22001810004500
003 MACL
005 20151231122858.0
008 151231b xxu||||| |||| 00| 0 eng d
040 _aMACL
_cMACL
041 _aEnglish
082 _a341.751/GYA
100 _aGyani
_925523
245 _aPractice & Law of Banking 1
260 _bJeevandeep prakashan
_c1982
_aBombay
350 _a24
650 _aInternational Law
_924791
942 _cBK
_k341.751/GYA
_2ddc
999 _c34397
_d34397